Catálogo
 En Linea

Recopilación Ordinada y Sistematiza de las Diferentes Desiciones. (Registro nro. 44464)

Detalles MARC
000 -CABECERA
campo de control de longitud fija 00340nam a2200109 a 4500
001 - NÚMERO DE CONTROL
campo de control 000044975
005 - FECHA Y HORA DE LA ÚLTIMA TRANSACCIÓN
campo de control 20201002045757.0
008 - DATOS DE LONGITUD FIJA--INFORMACIÓN GENERAL
campo de control de longitud fija 150127s1915 000 spa d
040 ## - FUENTE DE LA CATALOGACIÓN
Centro catalogador/agencia de origen DO-SdBNP
Lengua de catalogación spa
Centro/agencia transcriptor BNPHU
245 #0 - MENCIÓN DE TÍTULO
Título Recopilación Ordinada y Sistematiza de las Diferentes Desiciones.
260 ## - PUBLICACIÓN, DISTRIBUCIÓN, ETC.
Lugar de publicación, distribución, etc. Santo Domingo, República Dominicana,
Fecha de publicación, distribución, etc. 1915.
Existencias
Estado de retiro Estado de pérdida Restricciones de uso No para préstamo Código de colección Localización permanente Ubicación/localización actual Ubicación en estantería Fecha de adquisición Número de inventario Total de préstamos Signatura topográfica completa Código de barras Fecha visto por última vez Precio válido a partir de Tipo de ítem Koha
      Excluido de préstamo Raros y valiosos Patrimonio Dominicano Patrimonio Dominicano Depósito 27.01.2015 LF1   44975-10 25.06.2020 25.06.2020 No se presta

Con tecnología Koha